000 01176nab a22002057a 4500
999 _c5881
_d5881
003 OSt
005 20260109023956.0
008 190514b xxu||||| |||| 00| 0 spa d
040 _cPJ
100 _95962
_aHarrington, Carolina
245 1 3 _aLa frontera de la autonomía de la voluntad conflictual en las uniones convivenciales :
_bequilibrio entre previsibilidad y protección familiar /
_cCarolina Harrington, Nieve Rubaja.
300 _ap. 117-125
505 _aSumario: I. Introducción.— II. La UC como forma familiar y el derecho fundamental a su protección. La AV en relaciones de familia. Justificación.— III. La regulación de DIPr. de fuente interna vigente en materia de derecho aplicable a las UC.— IV. Reflexiones a futuro: ¿hay espacio para la autonomía de la voluntad?— V. Conclusiones / propuestas.
505 _tSi te interesa el texto, comunicate a koha@justierradelfuego.gov.ar
650 0 _9967
_aDERECHO DE FAMILIA
650 0 _91053
_aUNIONES CONVIVENCIALES
700 _94324
_aRubaja, Nieve
_ecoautor
773 0 _02844
_93222
_dBuenos Aires : AbeledoPerrot, 1989-
_tDerecho de familia. N° 121 - Septiembre 2025
_z18511201
942 _2udc
_cANA